| 000 | 01799cam a2200421 i 4500 | ||
|---|---|---|---|
| 001 | 22783082 | ||
| 005 | 20250627103712.0 | ||
| 008 | 220908s2022 enka b 001 0 eng d | ||
| 010 | _a 2022946034 | ||
| 015 |
_aGBC2I8883 _2bnb |
||
| 016 | 7 |
_a020786365 _2Uk |
|
| 020 |
_a9781839109928 _qhardcover |
||
| 020 |
_a1839109920 _qhardcover |
||
| 020 |
_z9781839109935 _qelectronic book |
||
| 035 | _a(OCoLC)on1328131641 | ||
| 040 |
_aYDX _beng _cYDX _erda _dBDX _dUKMGB _dOCLCF _dCLU _dYDX _dDLC |
||
| 042 | _alccopycat | ||
| 050 | 0 | 0 |
_aJZ6374 _b.H366 2022 |
| 082 | 0 | 4 |
_a341.584 _223 _bHAN |
| 245 | 0 | 0 |
_aHandbook on peacekeeping and international relations / _cedited by Han Dorussen. |
| 264 | 1 |
_aCheltenham, UK ; _aNorthampton, MA : _bEdward Elgar Publishing, _c[2022] |
|
| 300 |
_axvii, 389 pages : _billustrations ;photocopy _c25 cm |
||
| 336 |
_atext _btxt _2rdacontent |
||
| 337 |
_aunmediated _bn _2rdamedia |
||
| 338 |
_avolume _bnc _2rdacarrier |
||
| 504 | _aIncludes bibliographical references and index. | ||
| 650 | 0 |
_aPeacekeeping forces. _9129247 |
|
| 650 | 0 | _aPeace-building. | |
| 650 | 0 | _aInternational relations. | |
| 650 | 7 |
_aInternational relations. _2fast _0(OCoLC)fst00977053 _9129248 |
|
| 650 | 7 |
_aPeace-building. _2fast _0(OCoLC)fst01055902 _9129249 |
|
| 650 | 7 |
_aPeacekeeping forces. _2fast _0(OCoLC)fst01055909 _9129247 |
|
| 700 | 1 |
_aDorussen, Han, _d1962- _eeditor. _9129250 |
|
| 776 | 0 | 8 |
_iOnline version: _tHandbook on peacekeeping and international relations. _dCheltenham, UK ; Northampton, Massachusetts : Edward Elgar Publishing Limited, 2022 _z9781839109935 _w(OCoLC)1355566968 |
| 906 |
_a7 _bcbc _ccopycat _d2 _eepcn _f20 _gy-gencatlg |
||
| 942 |
_2ddc _cBK |
||
| 999 |
_c613934 _d613934 |
||